Statistics for All Modern-Day Countries Ever Controlled by Nordic Peoples with a Map

Click here to take the quiz!

General Stats

  • This quiz has been taken 7,282 times
  • The average score is 34 of 36

Answers on the Map

Answers color-coded by a green-red scale on the quiz's map according to % correct below.
 

Answer Stats

Countries% Correct
United Kingdom
100%
Denmark
99%
Estonia
99%
Finland
99%
France
99%
Germany
99%
Iceland
99%
Ireland
99%
Italy
99%
Latvia
99%
Lithuania
99%
Norway
99%
Poland
99%
Russia
99%
Sweden
99%
Ukraine
99%
Belarus
98%
Belgium
98%
Canada
98%
Cyprus
98%
Tunisia
98%
Libya
97%
Turkey
97%
Algeria
96%
Croatia
96%
India
96%
Syria
96%
Albania
95%
Malta
94%
Greece
93%
United States
91%
Trinidad and Tobago
84%
Romania
78%
Ghana
76%
Slovakia
75%
Moldova
74%

Score Distribution

Percentile by Number Answered

Percent of People with Each Score

Your Score History

You have not taken this quiz